000
00323nam a2200133Ia 4500
005
20250404071650.0
008
240331s9999 xx 000 0 und d
082
_b
SOL
_a
894
100
_a
Solaikkili,
245
0
_a
Paniyil moli eluthi
260
_a
Coimbatore
_b
Vidiyal Pathippagam
_c
1996
300
_a
107 p .,
942
_c
L
999
_c
4123
_d
4123